Library Banner

Operations management student lecture guide [+CD] (Record no. 40281)

MARC details
000 -LEADER
fixed length control field 00613nam a2200229Ia 4500
001 - CONTROL NUMBER
control field 41580
003 - CONTROL NUMBER IDENTIFIER
control field OSt
005 - DATE AND TIME OF LATEST TRANSACTION
control field 20170506112011.0
008 - FIXED-LENGTH DATA ELEMENTS--GENERAL INFORMATION
fixed length control field 140424s9999 xx 000 0 und d
020 ## - INTERNATIONAL STANDARD BOOK NUMBER
International Standard Book Number 9780136025696
040 ## - CATALOGING SOURCE
Transcribing agency PK-LaUMT
082 ## - DEWEY DECIMAL CLASSIFICATION NUMBER
Classification number 658.5
Item number HEI-S
100 ## - MAIN ENTRY--PERSONAL NAME
Personal name Heizer, Jay
245 ## - TITLE STATEMENT
Title Operations management student lecture guide [+CD]
Statement of responsibility, etc Heizer, Jay<>Render, Barry
250 ## - EDITION STATEMENT
Edition statement 9th
260 ## - PUBLICATION, DISTRIBUTION, ETC. (IMPRINT)
Place of publication, distribution, etc Upper Saddle River,USA:
Name of publisher, distributor, etc Prentice Hall,
Date of publication, distribution, etc 2009
300 ## - PHYSICAL DESCRIPTION
Extent var
Accompanying material CD with original only
546 ## - LANGUAGE NOTE
Language note EN
650 ## - SUBJECT ADDED ENTRY--TOPICAL TERM
Topical term or geographic name as entry element Production management
700 ## - ADDED ENTRY--PERSONAL NAME
Personal name Render, Barry
942 ## - ADDED ENTRY ELEMENTS (KOHA)
Koha item type Books
Source of classification or shelving scheme Dewey Decimal Classification
Holdings
Withdrawn status Lost status Source of classification or shelving scheme Damaged status Not for loan Home library Current library Date acquired Total Checkouts Full call number Barcode Date last seen Date checked out Price effective from Koha item type
    Dewey Decimal Classification     UMT Main Campus UMT Main Campus 2014-04-24 2 658.5 HEI-S 44777 2023-01-30 2022-11-28 2014-05-05 Books
    Dewey Decimal Classification     UMT Main Campus UMT Main Campus 2014-06-26   MRB 658.5 HEI-S 990020 2019-11-22   2014-06-26 Books